Statistics for Cities by Picture of Building

Click here to take the quiz!

General Stats

  • This quiz has been taken 22 times
  • The average score is 6 of 15

Answer Stats

Answer% Correct
Shanghai
85%
Barcelona
80%
Bilbao
70%
Singapore
70%
Chicago
60%
Brasilia
40%
Casablanca
40%
Jaipur
35%
Berlin
25%
Honolulu
20%
Mexico City
15%
Valencia
15%
Bangkok
10%
Dallas
5%
Djenne
5%

Score Distribution

Percentile by Number Answered

Percent of People with Each Score

Your Score History

You have not taken this quiz